Wunderhorse - Epilogue Lyrics - Statistics

General Stats
  • This quiz has been taken 2 times
  • The average score is 57 of 91
Answer Stats
Answer % Correct
air
100%
an
100%
back
100%
eye
100%
eye
100%
eye
100%
get
100%
got
100%
I
100%
I
100%
I
100%
I
100%
I
100%
I'll
100%
in
100%
in
100%
in
100%
Look
100%
Look
100%
me
100%
me
100%
me
100%
my
100%
no
100%
that
100%
The
100%
the
100%
the
100%
the
100%
the
100%
the
100%
the
100%
there
100%
they
100%
When
100%
you
100%
and
50%
and
50%
are
50%
been
50%
behind
50%
boy
50%
breathe
50%
But
50%
can't
50%
clean
50%
corner
50%
crossed
50%
crossed
50%
easy
50%
face
50%
feeling
50%
goodbye
50%
Hello
50%
keep
50%
left
50%
loved
50%
mind
50%
mind
50%
mother
50%
of
50%
other
50%
really
50%
reason
50%
Satan
50%
secret
50%
So
50%
so
50%
sweetest
50%
thoughts
50%
to
50%
to
50%
turn
50%
waiting
50%
why
50%
your
50%
your
50%
you've
50%
all
0%
cause
0%
changing
0%
despite
0%
fading
0%
feelings
0%
freedom
0%
him
0%
know
0%
or
0%
place
0%
times
0%
wonder
0%
No matching quizzes found
Score Distribution
Percent of People with Each Score
Percentile by Number Answered
Your Score History
You have not taken this quiz